[Event "SVK-ch U18/20"]
[Site "Liptovsky Mikulas"]
[Date "2018.04.24"]
[Round "6"]
[White "Sivcak, Matej"]
[Black "Starovic, Martin"]
[Result "1-0"]
[WhiteElo "1802"]
[BlackElo "1846"]
[PlyCount "61"]
[EventDate "2018.04.21"]
[EventType "swiss"]
[EventRounds "9"]
[EventCountry "SVK"]
[SourceTitle "CBM 184 Extra"]
[Source "ChessBase"]
[SourceDate "2018.06.28"]
[SourceVersion "1"]
[SourceVersionDate "2018.06.28"]
[SourceQuality "1"]

1. e4 e5 2. f4 exf4 3. Bc4 Qh4+ 4. Kf1 Nf6 5. Nf3 Qh5 6. Nc3 d6 7. d4 Be7 8. Bxf4 0-0 9. Rg1 Nc6 10. Qe1 Bg4 11. Qf2 Na5 12. Bd3 Rae8 13. Qg3 Qg6 14. h3 Nh5 15. Qh2 Bd7 16. g4 Nxf4 17. Qxf4 Qf6 18. Qg3 Qh6 19. h4 Nc6 20. Nd5 Bd8 21. g5 Qe6 22. Nf4 Qe7 23. c3 f5 24. Re1 fxe4 25. Bxe4 Ne5 26. Bd5+ Kh8 27. dxe5 dxe5 28. Nxe5 Qc5 29. Nxd7 Rxe1+ 30. Kxe1 Rxf4 31. Nxc5 1-0

[Event "EU-ch rapid"]
[Site "Katowice"]
[Date "2017.12.16"]
[Round "1"]
[White "Ladva, Ottomar"]
[Black "Starovic, Martin"]
[Result "1-0"]
[WhiteElo "2522"]
[BlackElo "1812"]
[PlyCount "85"]
[EventDate "2017.12.16"]
[EventType "swiss (rapid)"]
[EventRounds "11"]
[EventCountry "POL"]
[SourceTitle "CBM 182 Extra"]
[Source "ChessBase"]
[SourceDate "2018.02.23"]
[SourceVersion "1"]
[SourceVersionDate "2018.02.23"]
[SourceQuality "1"]

1. Nf3 Nf6 2. d4 d5 3. Bf4 Bf5 4. e3 e6 5. Bd3 Bg6 6. 0-0 Bd6 7. Bg3 0-0 8. Ne5 Bxd3 9. cxd3 Nbd7 10. Nd2 c5 11. e4 dxe4 12. dxe4 Bxe5 13. dxe5 Ne8 14. Nc4 Qc7 15. Qg4 Nb6 16. Nd6 Rd8 17. Rad1 Nc8 18. Rd2 Ncxd6 19. exd6 Rxd6 20. Bxd6 Nxd6 21. Qf4 Nb5 22. Qxc7 Nxc7 23. Rd7 Rc8 24. Rfd1 Kf8 25. Rd8+ Rxd8 26. Rxd8+ Ke7 27. Rb8 b5 28. Rb7 Kd6 29. Rxa7 c4 30. Kf1 Kc6 31. Ke2 b4 32. a3 Nb5 33. Ra4 Nd4+ 34. Kd1 bxa3 35. Rxa3 Kc5 36. Ra7 f5 37. exf5 Nxf5 38. g4 Nd4 39. Rxg7 Kb4 40. Rxh7 Kb3 41. Rb7+ Ka2 42. g5 Nf5 43. g6 1-0

[Event "SVK-ch U18/20"]
[Site "Liptovsky Mikulas"]
[Date "2017.04.24"]
[Round "4"]
[White "Starovic, Martin"]
[Black "Stevlik, Richard"]
[Result "1-0"]
[WhiteElo "1825"]
[BlackElo "1600"]
[PlyCount "39"]
[EventDate "2017.04.22"]
[EventType "swiss"]
[EventRounds "9"]
[EventCountry "SVK"]
[SourceTitle "CBM 178 Extra"]
[Source "ChessBase"]
[SourceDate "2017.06.22"]
[SourceVersion "1"]
[SourceVersionDate "2017.06.22"]
[SourceQuality "1"]

1. e4 c5 2. Nc3 Nc6 3. f4 e6 4. Nf3 d6 5. Bb5 Bd7 6. d4 cxd4 7. Nxd4 Nxd4 8. Bxd7+ Qxd7 9. Qxd4 Ne7 10. 0-0 Nc6 11. Qf2 g6 12. Be3 Bg7 13. Rad1 Qe7 14. f5 Bf6 15. Nb5 Be5 16. f6 Qd7 17. Bc5 d5 18. exd5 exd5 19. Rfe1 a6 20. Rxd5 1-0

[Event "SVK-ch U16"]
[Site "Tatralandia"]
[Date "2015.04.25"]
[Round "9"]
[White "Starovic, Martin"]
[Black "Buco, Martin"]
[Result "0-1"]
[WhiteElo "1600"]
[BlackElo "1475"]
[PlyCount "52"]
[EventDate "2015.04.18"]
[EventType "swiss"]
[EventRounds "9"]
[EventCountry "SVK"]
[SourceTitle "CBM 166 Extra"]
[Source "ChessBase"]
[SourceDate "2015.06.18"]
[SourceVersion "1"]
[SourceVersionDate "2015.06.18"]
[SourceQuality "1"]

1. e4 Nc6 2. Nf3 Nf6 3. e5 Ng4 4. d4 d6 5. h3 Nh6 6. Bb5 a6 7. Ba4 Bd7 8. e6 fxe6 9. Bxh6 gxh6 10. Ng5 Rg8 11. Qh5+ Rg6 12. Nxh7 Kf7 13. Nxf8 Qxf8 14. Bxc6 Bxc6 15. Nd2 Kg7 16. Rg1 Qf6 17. 0-0-0 Qxd4 18. f3 Rg5 19. g4 Rxh5 20. gxh5+ Kh7 21. Rg4 Qc5 22. Rdg1 Qxh5 23. Rg7+ Kh8 24. Ne4 Bxe4 25. fxe4 Qxh3 26. Kb1 Rf8 0-1

[Event "SVK-ch U16"]
[Site "Tatralandia"]
[Date "2015.04.18"]
[Round "1"]
[White "Starovic, Martin"]
[Black "Jablonicky, Martin"]
[Result "0-1"]
[WhiteElo "1600"]
[BlackElo "2331"]
[PlyCount "64"]
[EventDate "2015.04.18"]
[EventType "swiss"]
[EventRounds "9"]
[EventCountry "SVK"]
[SourceTitle "CBM 166 Extra"]
[Source "ChessBase"]
[SourceDate "2015.06.18"]
[SourceVersion "1"]
[SourceVersionDate "2015.06.18"]
[SourceQuality "1"]

1. e4 c5 2. Nf3 Nc6 3. Bb5 d6 4. d4 cxd4 5. Nxd4 Bd7 6. Nc3 g6 7. Be3 Nf6 8. 0-0 Bg7 9. Qd2 Ng4 10. Nxc6 bxc6 11. Bc4 Nxe3 12. Qxe3 0-0 13. Bb3 Qa5 14. Nd1 Rab8 15. Nc3 e6 16. Rad1 d5 17. Qc1 Bxc3 18. bxc3 Qxc3 19. Rd3 Qb4 20. e5 f5 21. Rfd1 Bc8 22. Rd4 Qe7 23. Ra4 c5 24. c4 d4 25. Rd3 f4 26. Rf3 Qg5 27. Qe1 Bb7 28. Qe2 Bxf3 29. Qxf3 Qxe5 30. h3 Rf7 31. Ra6 Rb6 32. Ra4 Kg7 0-1

[Event "SVK-ch U14"]
[Site "Stara Lubovna"]
[Date "2014.04.09"]
[Round "6"]
[White "Starovic, Martin"]
[Black "Bugar, Peter"]
[Result "1-0"]
[WhiteElo "1273"]
[BlackElo "1597"]
[PlyCount "119"]
[EventDate "2014.04.05"]
[EventType "swiss"]
[EventRounds "9"]
[EventCountry "SVK"]
[SourceTitle "EXT 2016"]
[Source "ChessBase"]
[SourceDate "2015.10.08"]
[SourceVersion "1"]
[SourceVersionDate "2015.10.08"]
[SourceQuality "1"]

1. e4 e5 2. Nf3 Nc6 3. d4 exd4 4. Nxd4 Bc5 5. Be3 Qf6 6. c3 Nge7 7. Bc4 d6 8. 0-0 Ne5 9. Qb3 Qg6 10. f3 Bh3 11. Rf2 0-0 12. Kh1 Nxc4 13. Qxc4 Be6 14. Nxe6 Qxe6 15. Qxe6 fxe6 16. Bxc5 dxc5 17. Na3 a6 18. Rd1 Rad8 19. Rfd2 Nc6 20. Nc4 b5 21. Rxd8 Rxd8 22. Rxd8+ Nxd8 23. Ne5 c4 24. Nd7 a5 25. Nc5 Kf7 26. Na6 c6 27. Nc5 Ke7 28. e5 Kf7 29. h4 Kg6 30. f4 Kf5 31. g3 Kg4 32. Kg2 h6 33. Kf2 Kh3 34. Kf3 h5 35. f5 Nf7 36. Nd7 exf5 37. e6 Nd6 38. e7 b4 39. Ne5 a4 40. a3 bxa3 41. bxa3 Kh2 42. Nxc4 Ne8 43. Ne5 Kg1 44. Nxc6 Kf1 45. c4 Ke1 46. Ke3 Kd1 47. Kd3 Ke1 48. Nd4 g6 49. Ke3 Kf1 50. c5 Kg2 51. Kf4 Nc7 52. Kg5 Kxg3 53. Kxg6 Kxh4 54. Nxf5+ Kg4 55. c6 Kf4 56. Kf6 Ke4 57. Nd6+ Kd5 58. Nb5 Nxb5 59. e8Q Kc4 60. Qe2+ 1-0